000 00487cam a22001337a 4500
008 180718b1992 xxu||||| |||| 00| 0 eng d
082 _aAPPPA 91-92 SAI
100 _aSailo, Laldingliani
245 _aContraceptive social marketing: an innovative method to promote family welfare: the Indian experience
_cby Laldingliani Sailo
260 _aNew Delhi
_bIndian Institute of Public Administration
_c1992
300 _a141p.
650 _aFamily welfare program
650 _aSocial marketing
999 _c501595
_d501595